| 000 | 00740nam a2200217 i 4500 | ||
|---|---|---|---|
| 001 | 155190 | ||
| 003 | ES-MaACL | ||
| 005 | 20250815062643.0 | ||
| 008 | 010907q1900 sp |||| | spa d | ||
| 080 | _a001(43) | ||
| 100 | 1 |
_aHeine, Heinrich. _962371 |
|
| 245 | 1 | 0 |
_aAlemania / _cpor Enrique Heine ; traducción de Luis de Terán. |
| 260 |
_aMadrid : _bLa España Moderna, _c[1900] ( _fAvrial imp.) |
||
| 300 |
_a311 p. ; _c23 cm. |
||
| 490 | 1 | _aBiblioteca de jurisprudencia, filosofía e historia | |
| 651 | 4 |
_aAlemania- _xVida intelectual. _9138938 |
|
| 700 | 1 |
_aTerán, Luis de, _d1864-1935 _9109725 |
|
| 830 | 0 | 0 |
_aBiblioteca de jurisprudencia, filosofía e historia _9180691 |
| 852 |
_aES-MaACL _jF-14964 |
||
| 999 |
_c155190 _d155190 |
||